000 00703nam a2200253 i 4500
001 C2-0075336
003 PPAK
005 20180727081523.0
008 970429s1990 enka|||| ||||| | eng d
020 _a0333539109
040 _aPPAK
_beng
_cPPAK
_erda
082 0 4 _a322.420951
_223
090 0 0 _a322.420951
_bLIL
_dG
090 0 0 _a322.420951
_bLIL
_dR
100 1 _aLi, Lu,
_eauthor
245 1 0 _aMoving the mountain :
_bmy life in China
264 1 _aLondon :
_bMacmillan ,
_c1990
300 _avii, 211 pages :
_billustrations ;
_c23 cm
336 _2rdacontent
_atext
337 _2rdamedia
_aunmediated
338 _2rdacarrier
_avolume
650 1 0 _aDemonstrations - China
942 _ddc
_cB
999 _c11166
_d11166